[Event "Nuremberg op"]
[Site "Nuremberg"]
[Date "2019.11.17"]
[Round "4"]
[White "Strege, Tim"]
[Black "Brinkmann, Jorg"]
[Result "1/2-1/2"]
[WhiteElo "1090"]
[BlackElo "1191"]
[PlyCount "81"]
[EventDate "2019.11.15"]
[EventType "swiss"]
[EventRounds "5"]
[EventCountry "GER"]
[SourceTitle "CBM 193 Extra"]
[Source "ChessBase"]
[SourceDate "2020.01.31"]
[SourceVersion "1"]
[SourceVersionDate "2020.01.31"]
[SourceQuality "1"]

1. e4 e6 2. Nc3 d5 3. Nf3 c5 4. d3 Ne7 5. Be2 Ng6 6. 0-0 Nc6 7. d4 Qb6 8. Bb5 Bd7 9. Be3 a6 10. Bxc6 Bxc6 11. dxc5 Bxc5 12. exd5 exd5 13. Nxd5 Bxd5 14. Qxd5 Bxe3 15. Qe4+ Qe6 16. Qxe6+ fxe6 17. fxe3 0-0 18. Ng5 e5 19. Rxf8+ Rxf8 20. Ne6 Rf6 21. Nc5 b5 22. Rc1 Rc6 23. b4 Ne7 24. Nd7 e4 25. Ne5 Rc7 26. Rd1 Nc6 27. Nxc6 Rxc6 28. Rc1 Rc3 29. Kf2 Kf7 30. Ke2 Ke6 31. Kd2 Rc4 32. c3 Ke5 33. Rd1 Ke6 34. Kc2 Rc8 35. Kb3 Rf8 36. Rd4 Ke5 37. c4 Rf2 38. c5 Re2 39. Rd7 Rxe3+ 40. Kb2 Re2+ 41. Kb1 1/2-1/2

[Event "Nuremberg op"]
[Site "Nuremberg"]
[Date "2019.11.15"]
[Round "1"]
[White "Koellner, Ulrich"]
[Black "Strege, Tim"]
[Result "1-0"]
[WhiteElo "1697"]
[BlackElo "1090"]
[PlyCount "55"]
[EventDate "2019.11.15"]
[EventType "swiss"]
[EventRounds "5"]
[EventCountry "GER"]
[SourceTitle "CBM 193 Extra"]
[Source "ChessBase"]
[SourceDate "2020.01.31"]
[SourceVersion "1"]
[SourceVersionDate "2020.01.31"]
[SourceQuality "1"]

1. d4 d5 2. c4 Nf6 3. Nc3 e6 4. Nf3 Nc6 5. Bg5 Be7 6. e3 0-0 7. Be2 Bd6 8. 0-0 e5 9. cxd5 Ne7 10. dxe5 Bxe5 11. Nxe5 Qd6 12. Nf3 Nexd5 13. Bxf6 Nxf6 14. Qxd6 cxd6 15. Rfd1 Rd8 16. Nd4 Be6 17. Bf3 d5 18. Rac1 a6 19. Na4 Rac8 20. Nc5 Rd6 21. b3 h6 22. Nxb7 Rb6 23. Nc5 Rd6 24. h3 Nd7 25. Ncxe6 Rxc1 26. Rxc1 fxe6 27. Nxe6 Rxe6 28. Bxd5 1-0